000 00981nmc a2200313 a 4500
003 AR-BaBNM
005 20251128210353.0
008 010020s1999 ||||||||||||||000 | spa||
020 _a987-9336-36-4
040 _cAR-BaBNM
245 1 0 _aJosé Mármol
_bun destino militante
260 _aBuenos Aires
_bCírculo de Legisladores de la Nación Argentina
_c1999
300 0 _a95 p.
490 0 _aVidas, ideas y obras de los legisladores argentinos
_vv. 45
500 0 _aContiene textos parlamentarios de José Mármol
600 1 4 _aMármol, José
_d1817-1871
600 1 4 _aAlsina, Valentín
650 4 _aHISTORIA ARGENTINA
650 4 _aBIOGRAFIAS
650 4 _aHISTORIA POLITICA ARGENTINA
650 4 _aLEGISLACION ARGENTINA
650 4 _aSIGLO DIECINUEVE
650 4 _aPARTIDOS POLITICOS ARGENTINOS
655 _aBIOGRAFIAS
700 1 _aFurlan, Luis Ricardo
_eprologuista
800 1 _aMárquez, Alfonso Carlos
_edirector
942 _cBK
998 _cMariana
999 _c15187
_d15187